000 00427nam a22001817a 4500
003 OSt
005 20240312125653.0
008 240312b |||||||| |||| 00| 0 eng d
020 _a9788195587810
082 _a599.75
_bSINS
100 _aSinh, Divyabhanu
245 _aStory of India's Cheetah
260 _aMumbai
_bThe Marg Foundation
_c2023
300 _a322p
546 _aEnglish
650 _aZoology
942 _2ddc
_cBK
999 _c3493
_d3493